| 000 | 00682nam a2200241 i 4500 | ||
|---|---|---|---|
| 001 | 141033 | ||
| 003 | ES-MaACL | ||
| 005 | 20230906200216.0 | ||
| 007 | t| | ||
| 008 | 070919s1984 sp ||||1| spa d | ||
| 020 | _a84-7444-148-X | ||
| 100 | 1 |
_aWilson, Andrew. _9117010 |
|
| 245 | 1 | 0 |
_aManual del pacifista / _cAndrew Wilson ; versión castellana, Flora Casas. |
| 250 | _a1ª ed. | ||
| 260 |
_aMadrid : _bDebate, _c1984. |
||
| 300 |
_a344 p. ; _c21 cm. |
||
| 490 | 1 | _aBiblioteca verde | |
| 504 | _aBibliografía. Indice. | ||
| 700 | 1 |
_aCasas, Flora. _936191 |
|
| 830 | 0 |
_aBiblioteca verde _9185725 |
|
| 852 |
_aES-MaACL _jL-11843 _bR.114107 |
||
| 999 |
_c141033 _d141033 |
||